Is It That Country Outline? Quiz Stats

Quiz Updated Jul 14, 2016

Challenge
Share
Tweet
Score 0/30 Timer 06:00
1 Play Today
% Correct
No! (Djibouti)
98.4%
Yes! (United Kingdom)
97.5%
Yes! (Japan)
96.4%
No! (Italy)
95.9%
No! (Laos)
95.8%
Yes! (Brazil)
92.8%
Yes! (Norway)
92.1%
Yes! (Antigua and Barbuda)
83.8%
Yes! (Bahamas)
82.6%
No! (Pakistan)
82.4%
Yes! (Papua New Guinea)
81.7%
No! (Niger)
81.6%
Yes! (Czechia)
76%
No! (Sweden)
76%
Yes! (Botswana)
68.6%
% Correct
Yes! (South Sudan)
68.4%
Yes! (Nauru)
67.6%
No! (Haiti)
65.9%
No! (Iraq)
64.1%
Yes! (Moldova)
58.8%
No! (Peru)
57.7%
No! (Bosnia and Herzegovina)
55.8%
No! (Guatemala)
55.5%
No! (Guyana)
52.5%
No! (Nepal)
52.2%
No! (Portugal)
51.7%
No! (Liechtenstein)
50.3%
Yes! (Armenia)
48.5%
Yes! (Burundi)
46.7%
Yes! (Republic of the Congo)
40.2%

You're not logged in!

Compare scores with friends on all Sporcle quizzes.
Join for Free
OR
Log In

You Might Also Like...

Show Comments

Extras

Top Quizzes Today


Score Distribution

Your Account Isn't Verified!

In order to create a playlist on Sporcle, you need to verify the email address you used during registration. Go to your Sporcle Settings to finish the process.

Report this User

Report this user for behavior that violates our Community Guidelines.

Details: